FIFA World Cup 2026 - Ecuador Squad - Statistics

General Stats
  • This quiz has been taken 9 times
  • The average score is 14 of 27
Answer Stats
Team # Position Club/Country Player % Correct
Ecuador 16 ST CA Huracán Jordy Caicedo
100%
Ecuador 23 DM Chelsea FC Moisés Caicedo
100%
Ecuador 3 CB Arsenal FC Piero Hincapié
100%
Ecuador 6 CB Paris Saint-Germain Willian Pacho
100%
Ecuador 8 RW Royal Antwerp FC Anthony Valencia
83%
Ecuador 13 ST CF Pachuca Enner Valencia
83%
Ecuador 22 GK LDU Quito Gonzalo Valle
83%
Ecuador 10 AM CA River Plate Kendry Páez
83%
Ecuador 7 LB AC Milan Pervis Estupiñán
83%
Ecuador 19 RW CR Flamengo Gonzalo Plata
67%
Ecuador 4 CB Club Brugge KV Joel Ordóñez
67%
Ecuador 11 ST Union Saint-Gilloise Kevin Rodríguez
50%
Ecuador 12 GK AE Kifisia Moisés Ramírez
50%
Ecuador 17 RB Clube Atlético Mineiro Angelo Preciado
33%
Ecuador 2 CB Sport Club Internacional Félix Torres
33%
Ecuador 20 LW Sunderland AFC Nilson Angulo
33%
Ecuador Manager Argentina Sebastián Beccacece
33%
Ecuador 21 CM Clube Atlético Mineiro Alan Franco
17%
Ecuador 14 RW Clube Atlético Mineiro Alan Minda
17%
Ecuador 18 CM FC Midtjylland Denil Castillo
17%
Ecuador 1 GK CA Huracán Hernán Galíndez
17%
Ecuador 25 CB Club Tijuana Jackson Porozo
17%
Ecuador 24 ST VfB Stuttgart Jeremy Arévalo
17%
Ecuador 9 ST Venezia FC John Yeboah
17%
Ecuador 5 DM Independiente del Valle Jordy Alcívar
17%
Ecuador 15 AM UNAM Pumas Pedro Vite
17%
Ecuador 26 LB KRC Genk Yaimar Medina
17%
No matching quizzes found
Score Distribution
Percent of People with Each Score
Percentile by Number Answered
Your Score History
You have not taken this quiz